| 000 | 00360nab a22001097u 4500 | ||
|---|---|---|---|
| 008 | 130520b1969 xxu||||| |||| 00| 0 eng d | ||
| 041 | _aeng | ||
| 100 | 1 |
_aCunningham, Francis A. _950336 |
|
| 245 | 0 | 0 |
_aSome Presuppositions in Henry of Ghent _cFrancis A. Cunningham |
| 773 | 0 |
_tPensamiento _gV.25, nº97-98-99,1969,págs. 103-144 _x0031-4749 _wRev321 |
|
| 942 | _cAR | ||
| 999 |
_c303290 _d303290 |
||